000 01510nam a22002177a 4500
999 _c57959
_d57959
003 Ge_BSU
005 20210502214423.0
008 210408b xxu||||| |||| 00| 0 geo d
041 _ageo
080 _a82 კ-33
100 _aკაშია, ალკაზარ
_911199
245 _aქოროღლის ეპოსის ქართული ვერსიის აჭარული ვარიანტები /
_cალკაზარ კაშია; მეცნ. ხელმძღვანელი თინა შიოშვილი; ბათუმისჰუმანიტარულ მეცნიერებათა ფაკულტეტი. ქართული ფილოლოგიის დეპარტამენტი.
264 _aბათუმი,
_c2015.
300 _a254 გვ.
_b30 სმ.
653 _aლიტერატურათმცოდნეობა.
653 _aქოროღლის ეპოსის ქართული ვერსიის აჭარული ვარიანტები
653 _aდისერტაცია
700 _aშიოშვილი, თინა
_eსამეცნიერო ხელმძღვანელი
_911200
710 _aბსუ.
_bჰუმანიტარულ მეცნიერებათა ფაკულტეტი. ქართული ფილოლოგიის დეპარტამენტი
_910556
942 _2udc
_cBK